| 000 | 00445nam a22001577a 4500 | ||
|---|---|---|---|
| 999 |
_c12365 _d12365 |
||
| 008 | 210129b ||||| |||| 00| 0 eng d | ||
| 082 | 0 | 0 |
_a621.3 _bF8551 |
| 100 |
_94178 _aFreeman, P. J. |
||
| 245 | 1 | 0 |
_aWorked examples in alternating current for engineering students _cBy P. J. Freeman |
| 250 | _a1st ed. | ||
| 260 |
_aCalcutta _bAsia Pub _c1966 |
||
| 300 | _avii,108p. | ||
| 365 | _d7.50 | ||
| 650 | 0 | _aElectrical Engineering | |
| 942 | _cBK | ||